Online
Catalog

La ira del tirano : (Record no. 21061)

MARC details
000 -CABECERA
campo de control de longitud fija 00980nam a2200265 a 4500
001 - NÚMERO DE CONTROL
campo de control 000021562
003 - IDENTIFICADOR DEL NÚMERO DE CONTROL
campo de control DO-SdBNP
005 - FECHA Y HORA DE LA ÚLTIMA TRANSACCIÓN
campo de control 20251028113918.0
008 - DATOS DE LONGITUD FIJA--INFORMACIÓN GENERAL
campo de control de longitud fija 100909s1994 dr 001 0 spa d
040 ## - FUENTE DE LA CATALOGACIÓN
Centro catalogador/agencia de origen DO-SdBNP
Lengua de catalogación spa
Centro/agencia transcriptor BNPHU
082 #4 - NÚMERO DE LA CLASIFICACIÓN DECIMAL DEWEY
Número de clasificación 972.93053
Número de documento/Ítem G934i
Número de edición 22
100 ## - ENTRADA PRINCIPAL--NOMBRE DE PERSONA
Nombre de persona Guerrero, Miguel,
Fechas asociadas al nombre 1945-
9 (RLIN) 14303
245 13 - MENCIÓN DE TÍTULO
Título La ira del tirano :
Resto del título historia del atentado de los próceres /
Mención de responsabilidad, etc. Miguel Guerrero.
260 ## - PUBLICACIÓN, DISTRIBUCIÓN, ETC.
Lugar de publicación, distribución, etc. Santo Domingo :
Nombre del editor, distribuidor, etc. Corripio,
Fecha de publicación, distribución, etc. 1994.
300 ## - DESCRIPCIÓN FÍSICA
Extensión 328 p. ;
Dimensiones 24 cm.
500 ## - NOTA GENERAL
Nota general Incluye índice de nombres
590 ## - NOTA LOCAL (RLIN)
Nota local Inventariado, 2019/MFF
600 14 - PUNTO DE ACCESO ADICIONAL DE MATERIA--NOMBRE DE PERSONA
Nombre de persona Betancourt, Rómulo,
Fechas asociadas al nombre 1908-1981
9 (RLIN) 16784
600 14 - PUNTO DE ACCESO ADICIONAL DE MATERIA--NOMBRE DE PERSONA
Nombre de persona Trujillo Molina, Rafael Leónidas,
Fechas asociadas al nombre 1891-1961
9 (RLIN) 76764
650 #4 - PUNTO DE ACCESO ADICIONAL DE MATERIA--TÉRMINO DE MATERIA
Término de materia o nombre geográfico como elemento de entrada Delitos contra jefes de estado
9 (RLIN) 44033
651 #4 - PUNTO DE ACCESO ADICIONAL DE MATERIA--NOMBRE GEOGRÁFICO
Nombre geográfico República Dominicana
Subdivisión general Relaciones exteriores
Subdivisión geográfica Venezuela
9 (RLIN) 44932
651 #4 - PUNTO DE ACCESO ADICIONAL DE MATERIA--NOMBRE GEOGRÁFICO
Nombre geográfico Venezuela
Subdivisión general Relaciones exteriores
Subdivisión geográfica República Dominicana
9 (RLIN) 26230
910 ## - DATOS DE OPCIÓN DEL USUARIO (OCLC)
Datos de opción del usuario Validado. Control de calidad MMOLINA
942 ## - ELEMENTOS DE PUNTO DE ACCESO ADICIONAL (KOHA)
Fuente del sistema de clasificación o colocación Dewey Decimal Classification
Tipo de ítem Koha Libro
Holdings
Estado de retiro Estado de pérdida Fuente del sistema de clasificación o colocación Restricciones de uso No para préstamo Código de colección Localización permanente Ubicación/localización actual Ubicación en estantería Fecha de adquisición Signatura topográfica completa Código de barras Fecha visto por última vez Número de copia Precio válido a partir de Tipo de ítem Koha Nota pública
    Dewey Decimal Classification Préstamo en sala   Dominicana de Servicio Biblioteca Nacional Pedro Henríquez Ureña Biblioteca Nacional Pedro Henríquez Ureña Depósito 01.08.2011 BNPHU DS 972.93053 G934i 21562-30 25.06.2020 e.3 25.06.2020 Libro  
    Dewey Decimal Classification Préstamo en sala   Dominicana de Servicio Biblioteca Nacional Pedro Henríquez Ureña Biblioteca Nacional Pedro Henríquez Ureña Depósito 29.10.2013 BNPHU DS 972.93053 G934i 21562-40 25.06.2020 e.4 25.06.2020 Libro  
  Extraviado Dewey Decimal Classification Préstamo en sala   Dominicana de Servicio Biblioteca Nacional Pedro Henríquez Ureña Biblioteca Nacional Pedro Henríquez Ureña Extraviado 29.10.2013 BNPHU DS 972.93053 G934i 21562-50 25.06.2020 e.5 25.06.2020 Libro Perteneció a la biblioteca personal de la familia Reyes Duluc.
    Dewey Decimal Classification Excluido de préstamo   Patrimonio Dominicano Biblioteca Nacional Pedro Henríquez Ureña Biblioteca Nacional Pedro Henríquez Ureña Depósito 09.09.2010 BNPHU PD 972.93053 G934i 21562-10 25.06.2020   25.06.2020 Libro  
    Dewey Decimal Classification Excluido de préstamo   Patrimonio Dominicano Biblioteca Nacional Pedro Henríquez Ureña Biblioteca Nacional Pedro Henríquez Ureña Depósito 09.09.2010 BNPHU PD 972.93053 G934i 21562-20 25.06.2020 e.2 25.06.2020 Libro Perteneció a la biblioteca personal de Germán Emilio Ornes

Powered by Koha